000 00631nam a2200217Ia 4500
005 20260429112310.0
008 260429s9999||||xx |||||||||||||| ||und||
020 _a9788119497355
041 _aEnglish
082 _a330
_bGUP
100 _aGupta, Raghavendra
245 0 _aStudies in economics :
_buseful for UGC NET/JRF/set and civil services /
_cRaghavendra Gupta
260 _aJaipur :
_bParadise Publishers,
_c2025.
300 _a265 p.; hb
650 _a Civil services
650 _a Competitive examinations
650 _a Economic theory
650 _a UGC NET preparation
650 _aEconomics
942 _cTB
999 _c53371
_d53371